| 000 | 00833cab a2200253 4500 | ||
|---|---|---|---|
| 001 | WB3403-23 | ||
| 008 | 090401t1998 xxu||||| |||| 00| 0 eng d | ||
| 035 | _a(Sirsi) u83236 | ||
| 041 | _aeng | ||
| 245 | _aLand price falls? | ||
| 260 | _c1998 | ||
| 350 | _a0 | ||
| 490 |
_aFarmers' Weekly _v128(3) 16 January 1998, 16(1) |
||
| 520 | _aIf the recommendations of a new Countryside Commission report "Agricultural Landscapes: a third look" are adopted, land prices could fall dramatically as the food production business would have to operate at world market prices without any subsidies. | ||
| 650 | _aCOUNTRYSIDE COMMISSION | ||
| 650 | _aFARMLAND | ||
| 650 | _aFOOD PRODUCTION | ||
| 650 | _aFORECASTS | ||
| 650 | _aLAND PRICES | ||
| 650 | _aLANDSCAPE CHANGE | ||
| 690 | _aLAND | ||
| 942 | _n0 | ||
| 948 | _c21/01/1998 | ||
| 999 |
_c52560 _d52560 |
||